000
00330pab a2200145 454500
008
180718b1990 xxu||||| |||| 00| 0 eng d
100
_a
Gooding, John
245
_a
Gorbachev and democracy
260
_c
1990
300
_a
195-231
362
_a
Apr.
650
_a
Democracy - U.S.S.R.
773
_a
Soviet Studies
909
_a
7247
999
_c
7247
_d
7247